[Event "Foros Aerosvit 3rd"]
[Site "Foros"]
[Date "2008.06.17"]
[Round "9"]
[White "Volokitin, Andrei"]
[Black "Eljanov, Pavel"]
[Result "0-1"]
[WhiteElo "2684"]
[BlackElo "2687"]
[Annotator "Eljanov,P"]
[PlyCount "96"]
[EventDate "2008.06.08"]
[EventType "tourn"]
[EventRounds "11"]
[EventCountry "UKR"]
[EventCategory "19"]
[SourceTitle "CBM 125"]
[Source "ChessBase"]
[SourceDate "2008.07.30"]
[SourceVersion "1"]
[SourceVersionDate "2008.07.30"]
[SourceQuality "1"]

1. e4 e5 2. Nf3 Nc6 3. Bb5 Nf6 4. O-O Nxe4 5. d4 Nd6 6. Bxc6 dxc6 7. dxe5 Nf5
8. Qxd8+ Kxd8 9. Nc3 Ne7 {In our previous encounter in the European
championship in Dresden 2007 I chose 9...Bd7. Now was the time for another
approach. Bei unserer letzten Begegnung bei der Europameisterschaft in Dresden
2007 wählte ich 9...Bd7. Nun war es Zeit für eine andere Herangehensweise.} 10.
h3 Ng6 11. Ne4 h6 12. b3 a5 (12... c5 13. Bb2 Bd7 14. Rad1 Kc8 15. Nfd2 Nf4 16.
Kh2 a5 17. g3 Ne6 18. a4 Ng5 19. f4 Nxe4 20. Nxe4 Bf5 21. Rfe1 h5 22. Ng5 Be7
23. Nxf7 Rg8 24. e6 Ra6 25. Rd7 Re8 26. Be5 Rc6 27. Red1 b6 28. Rxe7 Rxe7 29.
Rd8+ Kb7 30. Rf8 {1-0 Volokitin,A-Gyimesi Zoltan/Drzavna liga 2007 2007}) 13.
a4 c5 $146 (13... Bd7) 14. Bb2 Be6 15. Nfd2 $5 {It looks like this idea is
known to Andrei and he is happy to adopt it in our game as he did in the game
against Gyimesi! Diese Idee schien Andrei zu kennen und sich zu freuden, sie
unserer Partie anzuwenden, denn er hatte so auch schon gegen Gyimesi gespielt!}
Nf4 16. Kh2 g6 $1 {After thinking for a long time,I found the way to hold the
white expansion on the kingside. Nach langem Nachdenken fand ich den Weg, die
weiße Expansion am Königsflügel im Zaum zu halten.} ({In other cases White is
clearly better: Andernfalls steht Weiß klar besser:} 16... Be7 17. g3 Nd5 (
17... Nxh3 18. f4 Bf5 19. Rae1 $16) 18. c4 Nb4 19. Rad1 Kc8 (19... h5 20. Nxc5)
20. f4 g6 21. g4 $36) (16... Kd7 17. g3 Nd5 18. c4 Nb4 19. f4 $14) 17. Nc4 Kd7
$1 {c6 is the best square for the black king. c6 ist das beste Feld für den
schwarzen König.} (17... b6 18. Rad1+ Kc8 19. g3 (19. Ned6+ cxd6 20. Nxb6+ Kb7
21. Nxa8 d5 $1 $15) 19... Nd5 20. f4 h5 21. Ng5 $14) 18. g3 Nd5 (18... Nxh3 19.
f4 $16) 19. f4 h5 20. Rad1 Kc6 21. Ng5 Bg7 $5 {Another critical moment and
maybe this modest move is the best again as: Wieder ein kritischer Moment, und
vielleicht ist dieser bescheidene Zug erneut am besten, denn:} (21... Bh6 22.
Nxf7 $1 Bxf7 23. e6 Bxe6 24. Bxh8 Rxh8 25. Rfe1 $16) (21... Be7 22. Nxf7 $1
Rhf8 23. Ng5 Bxg5 24. fxg5 b6 $14 {Here Black is very solid, but without any
counterplay as my knight should secure the critical f6-square. Hier steht
Schwarz sehr solide, ist aber ohne jedes Gegenspiel, da mein Springer das
kritische Feld f6 zu sichern hat.}) (21... h4 $5 {I saw this idea and it was
also Evgeny Alekseev's suggestion in the press centre. But probably White can
hope for some advantage after Dies Idee hatte ich gesehen, und dies war auch
Evgeny Alekseevs Vorschlag im Pressezentrum. Aber vermutlich kann Weiß auf
etwas Vorteil hoffen nach} 22. g4 Bh6 23. Nxe6 fxe6 24. Bc1 (24. f5 gxf5 25.
gxf5 Rhg8 26. f6 Bf4+ 27. Kh1 Rg3 28. Rd3 $14) 24... Rhf8 25. g5 Bg7 $14) 22.
Nxe6 fxe6 23. Bc1 Bh6 24. Kg2 Rhf8 25. Na3 $6 {Till this moment the play of
both sides was very logical. Andrei created a few puzzles. I found the right
answers, so everything was balanced. But his last move is very strange and
gave me a pleasant choice. Bis zu diesem Moment verlief das Spiel beider
Seiten sehr logisch. Andrei stellte ein paar Rätsel, ich fand die richtigen
Antworten, daher befand sich alles im Gleichgewicht. Aber ein letzter Zug ist
sehr seltsam und gibt mir eine angenehme Wahl.} (25. Rf3 b6 26. Rdf1 Rf7 (26...
Rad8 27. g4 Nb4 28. R3f2 Rf7 29. Kg3) 27. g4 Raf8 28. Kg3 $2 Bxf4+ 29. Bxf4
Nxf4 30. Rxf4 h4+ 31. Kxh4 Rxf4 32. Rxf4 Rxf4 33. Kg5 Rf3 34. h4 Rg3 $19) 25...
Rf7 $6 {Solid but passive. I could try to cut across his initiative: Solide,
aber passiv. Ich hätte versuchen können, seine Initiative zu durchkreuzen.} (
25... Rad8 $5 26. c4 Nc3 27. Rd2 h4 28. gxh4 (28. g4 Ne4 29. Rxd8 Rxd8 $36)
28... Rxd2+ 29. Bxd2 Ne2 $132) (25... h4 $5 26. c4 (26. Rf3 hxg3 27. Kxg3 Rf5
$15) 26... Nc3 27. Rde1 $8 (27. Rd3 Ne2 $17) 27... Rad8 (27... hxg3 {I saw
that my knight cannot be trapped as he cannot protect the a2-square. But I
decided that the position is still unclear. Ich sah, dass man Springer nicht
gefangen werden kann, da er das Feld a2 nicht kontrollieren kann. Trotzdem
schien mir diese Stellung noch unklar.} 28. Rf3 (28. Nb5 Na2 29. Be3 Nb4 $15)
28... Na2 29. Be3 Nb4 30. Rd1 (30. Kxg3 Rad8) 30... Rad8 31. Rxd8 Rxd8 32. Rxg3
Nd3 $132) 28. Rf3 Na2 29. Be3 Rd3 30. gxh4 (30. Nb5 Nb4 $36) 30... Rxb3 31. Nb5
$13) 26. c4 Ne7 27. Rd3 Rg8 $5 {An interesting practical human decision - try
to get some fresh air, some counterplay! Eine interessante praktische
menschliche Entscheidung - Schwarz verlangt es nach frischer Luft, etwas
Gegenspiel!} ({The engine suggests the "strange" Die Engine rät zu dem
"seltsamen"} 27... h4 28. g4 Raf8 29. Rdf3 {with approximate equality. But I
think that White can count on something in the long run. mit ungefährem
Ausgleich. Aber meines Erachtens kann sich Weiß langfristig etwas erhoffen,} (
29. Nb5 Bxf4 30. Bxf4 Rxf4 31. Rxf4 Rxf4 32. Na7+ Kb6 33. Rd7 Nc6 34. Nxc6 Kxc6
35. Re7 $11)) 28. Rfd1 Nf5 29. Nb5 $2 {And here Andrei miscalculated and made
a serious mistake! Und hier verrechnete sich Andrei und beging einen ernsten
Fehler!} ({I felt that Andrei did not like Ich spürte, dass Andrei} 29. h4 {
as it's not in his creative uncompromising style! After the game he told me
that White has a big advantage here and some commentators also wrote something
like this. But I don't see any idea how to break through. missfiel, denn dies
passt nicht zu seinem kreativen kompromisslosen Stil! Nach der Partie sagte er
mir, dass Weiß hier großen Vorteil hat, und einige Kommentaren schrieben
Ähnliches. Ich sehe allerdings keine Idee, wie man durchbrechen kann.} b6 30.
Nb5 Re8 $1 {Ater it I just wait and I'm curious what White will do.} 31. Be3
Bg7 32. Bf2 Nh6 33. Nc3 (33. Rd8 Rxd8 34. Rxd8 Rf8 35. Rd3 Nf5 $11) 33... Ree7
$5 34. Rd8 Rf8 35. R8d2 Rff7 $11) (29. g4 Nd4 30. g5 Bg7 31. Nb5 Nf5 32. Nc3
Ra8 33. Ne4 Bf8 34. Nf6 Be7 35. Rd7 Rff8 $11) 29... g5 30. g4 (30. Rd8 Rxd8 31.
Rxd8 gxf4 32. gxf4 Nh4+ 33. Kg3 Ng6 $17) 30... gxf4 31. Kf3 Nh4+ 32. Ke4 b6 $1
{This is what Andrei missed. Mate is not available ever.  Dies hatte Andrei
übersehen. Aus dem Matt wird niemals was.} 33. gxh5 Rg2 $1 34. Nc3 (34. Rd8
Re2+ 35. Kd3 Rxe5 36. Kc2 Nf5 $19) 34... Nf5 35. Rd8 Rg3 36. Nb5 Rxb3 37. R1d3
Rxd3 38. Rxd3 f3 $1 {The last finesse. Die letzte Feinheit.} 39. Bxh6 f2 40.
Rd1 Ng3+ 41. Ke3 f1=R 42. Rxf1 Nxf1+ 43. Kd3 Ng3 44. h4 Rf3+ 45. Kd2 Rf5 46.
Bg5 Ne4+ 47. Ke3 Nxg5 48. hxg5 Rxg5 0-1

[Event "RUS-chT 17th"]
[Site "Dagomys"]
[Date "2010.04.04"]
[Round "4"]
[White "Nepomniachtchi, Ian"]
[Black "Eljanov, Pavel"]
[Result "0-1"]
[WhiteElo "2656"]
[BlackElo "2736"]
[Annotator "Eljanov,P"]
[PlyCount "138"]
[EventDate "2010.04.01"]
[EventType "team-tourn"]
[EventRounds "9"]
[EventCountry "RUS"]
[SourceTitle "EXT 2020"]
[Source "ChessBase"]
[SourceDate "2019.10.17"]
[SourceVersion "1"]
[SourceVersionDate "2019.10.17"]
[SourceQuality "1"]
[WhiteTeam "Sverdlovsk Ural region"]
[BlackTeam "Saratov Ekonomist SGSEU"]
[WhiteTeamCountry "RUS"]
[BlackTeamCountry "RUS"]

1. e4 e5 2. Nf3 Nc6 3. Bb5 Nf6 4. O-O Nxe4 5. d4 Nd6 6. dxe5 Nxb5 7. a4 {
A harmless line, especially having in mind my humble statistics in the Berlin :
)} Nbd4 8. Nxd4 d5 $1 {A modern way to play this line, which restricts the
white possibilities.} (8... Nxd4 9. Qxd4 d5 {is the main line.}) 9. Nxc6 bxc6
10. Qd3 Qd7 $1 11. b3 a5 $11 {A logical novelty.} (11... Be7 12. Ba3 c5 13. Nc3
Bb7 14. Rfe1 (14. Rfd1 d4 15. Ne4) 14... O-O 15. Rad1 Rad8 16. Qg3 Qf5 17. Nb5
Rd7 {1/2 Bologan,V (2684)-Fressinet,L (2670)/Clichy FRA 2010/The Week in Chess
803}) 12. Re1 (12. Qg3 Qg4 13. Qxg4 Bxg4 14. Ba3 c5 15. Nc3 c6 $11) 12... Bb4
13. c3 Be7 14. Ba3 c5 15. f4 {This is dubious, but Black has already the more
pleasant position.} O-O 16. Nd2 Rb8 17. Rf1 g6 18. f5 $6 {White stirs up
trouble.} (18. c4 d4 19. Ne4 Qc6 $15) 18... gxf5 19. Rf3 Rb6 $6 {I was very
happy to find this manoeuvre and made it without hesitation. But my rook was
well enough placed.} ({I think White has almost no compensation after} 19...
Kh8 20. Raf1 Qc6 21. Rg3 Be6 $17) 20. Nf1 $1 Rxb3 21. Ne3 d4 (21... Rxa3 22.
Rxa3 c4 23. Qd4) 22. Nxf5 Rxc3 23. Qe4 Kh8 ({The brave computer don't mind of
mating threats:} 23... Bg5 $5 {however} 24. Raf1 (24. Qg4 Qd8 25. Rxc3 dxc3 26.
Bxc5 Qd2 $1 (26... c2 27. Be7 Qd2 28. Nh6+ Kh8 29. Bxg5 c1=Q+ 30. Rxc1 Qxc1+
31. Bxc1 Bxg4 32. Nxg4 Rd8) 27. Rf1 (27. Bxf8 Kxf8) 27... c2 28. Ba3 c5 $17)
24... Rxf3 25. Rxf3 d3 26. Rxd3 Qxf5 27. Qxf5 Bxf5 28. Rg3 h6 29. h4 Rd8 30.
hxg5 h5 31. Bxc5 Rd5 32. Be7 Rxe5 33. Bf6 Rd5 34. Rc3 {and the endgame is
drawish.}) 24. Nxe7 Qxe7 25. Rxc3 dxc3 26. Qe3 Qe6 27. Qxc3 Rg8 28. Bb2 c4 $6 (
{I wasn't sure, whether I could exploit the weakness of the long diagonal after
} 28... Bb7 29. g3 Rd8 30. Qxc5 Kg8 $1 31. Qb5 Ba8 $36 {, but probably I
underestimated something, as I have a pleasant iniative here.}) 29. Rf1 Qb6+
30. Kh1 Be6 31. h3 Qc6 32. Qd2 Rg6 33. Kh2 Kg7 34. Bc3 Qxa4 $11 {Draw offer. I
was sure, that Ian would take the a5-pawn, after I could plan to play a deadly
drawish endgame.} 35. Rf4 $2 {An incredible positional over-estimation of his
chances. Only Black can play for a win here.} (35. Bxa5 Qd7 36. Qxd7 Bxd7 37.
Bc3 Kf8 $11) 35... Qb3 $1 36. Rd4 Qb1 {Rather difficult to choose the best way
in time trouble.} ({But the cold blooded} 36... a4 $1 {was better} 37. Rd8 Qb7
38. Bb4 c5 (38... h6 39. Be7) 39. Bxc5 h6 $17) 37. Qf2 ({It is not in Ian's
style to calculate variations such as} 37. Rxc4 Bxc4 38. e6+ f6 39. Qd7+ Kh6
40. Bd2+ Rg5 41. h4 Qe4 42. hxg5+ fxg5 43. Qxc7 Qh4+ 44. Kg1 Qd4+ 45. Kh2 $11 {
just to make a draw.}) 37... a4 38. Rd7 $1 {A very nice trick.} Qc1 $1 (38...
Bxd7 39. e6+ f6 40. exd7 Qb8 41. Qe2 $132) 39. Bb2 Qg5 40. h4 Qxg2+ $5 {
I was happy to make this move as I'm out of danger now.} (40... Qh6 {was
objectively not worse at least} 41. Rxc7 Rg4 42. g3 Qg6 43. Ra7 {and White is
a bit worse, but the position remains complex.}) 41. Qxg2 Rxg2+ 42. Kxg2 Bxd7
43. e6+ Kf8 44. exd7 $4 {Each rule has its exception and this is here the
case! The pawn on f7 is much more important than such a powerful piece as the
bishop in this position!} (44. exf7 $1 {It's a fortress now!} Kxf7 45. Kf3 Ke6
(45... Kg6 46. Kf4 Kh5 47. Kg3 Be6 48. Bc3 a3 49. Ba1 Kg6 50. Kf4) 46. Ke3 Kd5
47. Kd2 Kc5 48. Bg7 Kb4 49. Bf6 Kb3 50. Be5 a3 51. Bf6 Ka2 52. Kc1 $11) 44...
Ke7 45. Kf3 Kxd7 $19 {Now, despite my pawns being isolated, White is unable to
hold them all.} 46. Bf6 (46. Kg4 Kc6 47. Kg5 Kb5 48. Kh6 Kb4 49. h5 a3) (46.
Ke4 Kc6 47. Kd4 Kb5 48. Kc3 f5 49. Bc1 Kc5 50. Bf4 c6 51. h5 Kd5 52. Bc1 Ke4
53. Kxc4 f4 54. Kc3 Kf3 55. Kd3 Kg3 56. Ke2 c5 $19) 46... Ke6 47. Bc3 Kf5 $1 {
I suppose this is not the only way to win here, but I like this one: before
the king marches to the queenside I'm strenghtening my position.} 48. Bb2 c6
49. Bc3 a3 50. Bb4 a2 51. Bc3 c5 52. Ba1 Ke6 53. Ke3 Kd5 54. Bc3 Kc6 55. Bf6
Kb5 56. Kd2 c3+ $1 57. Bxc3 f5 58. Kd3 h5 59. Be5 Kb4 60. Kc2 f4 61. Kb2 f3 62.
Bg3 Kc4 63. Bf2 Kd3 64. Kxa2 Ke2 65. Bxc5 f2 66. Bxf2 Kxf2 67. Kb2 Kg3 68. Kc2
Kxh4 69. Kd2 Kg3 {As usual - a tragedy of one tempo :)} 0-1

[Event "Bundesliga 1920"]
[Site "Germany"]
[Date "2019.11.24"]
[Round "2.1"]
[White "Engel, Luis"]
[Black "Georgiadis, Nico"]
[Result "1-0"]
[WhiteElo "2519"]
[BlackElo "2529"]
[Annotator "Engel,Luis"]
[PlyCount "59"]
[EventDate "2019.11.23"]
[EventType "team-tourn"]
[EventRounds "15"]
[EventCountry "GER"]
[SourceTitle "CBM 193 Extra"]
[Source "ChessBase"]
[SourceDate "2020.01.31"]
[SourceVersion "1"]
[SourceVersionDate "2020.01.31"]
[SourceQuality "1"]
[WhiteTeam "Hamburger SK"]
[BlackTeam "Bayern Muenchen"]
[WhiteTeamCountry "GER"]
[BlackTeamCountry "GER"]

{[%evp 0,59,16,28,44,11,29,4,14,14,20,44,53,-8,-24,-16,22,31,36,-7,-23,-3,-1,
-5,8,-14,-8,-7,17,-33,-26,-21,-19,-19,-1,-8,-12,-47,7,-31,10,-10,0,0,-14,-13,0,
0,10,47,55,93,97,94,221,221,221,183,419,593,1022,1357]} 1. e4 e5 2. Nf3 Nc6 3.
Bb5 Nf6 4. O-O Nxe4 5. d4 Nd6 6. dxe5 Nxb5 7. a4 Nbd4 8. Nxd4 d5 (8... Nxd4 9.
Qxd4 d5 10. exd6 Qxd6 11. Qe4+ Qe6 12. Qd4 Qd6 $11 {is a well-known line to
finish the game in a peaceful way, but that was neither Nico's, nor my
intention.}) 9. Nxc6 bxc6 {Now Black's pawn structure is slightly damaged, but
in exchange for that he gets active opportunities, as we will see in the game.}
10. Qd3 Rb8 $5 $146 {An interesting noveltry, found by Nico over the board.
Now I was out of my preparation and thought for a while, but I didn't manage
to find the best move:} (10... Qd7 {has been played a few times and leads to
an interesting and unbalanced position where both sides have their chances.})
11. Nd2 $6 {A slight inaccuracy. The knight is not well-placed here.} (11. b3 {
[%cal Gb1c3,Gb1d2] Is probably a better move, leaving the options of the
b1-knight still open.}) 11... c5 {[%csl Rd2] Now this is possible, as I am
unable to attack the weakness on d5.} 12. b3 Be7 13. Ba3 Qd7 14. Rad1 Qc6 {
Moving the queen out of the d-file.} ({I was hoping for} 14... O-O $6 15. Ne4
$1 {[%cal Rd5e4,Gd3d7] Thanks to the pin in the d-file, I can activate my
knight and target both the c5 and the d5-pawn. Unfortunately, Nico didn't fall
for this little trick:)}) 15. Rfe1 O-O {The opening is over, and I was not
happy at all about my position. My knight on d2 is pretty stupid and Black has
the pair of bishops. Objectively, it is already Black who can hope for an
advantage here.} 16. Nf1 Bb7 17. Qh3 Rfe8 $5 {An interesting move which I had
not anticipated.} ({I was most afraid of} 17... Qe6 $5 {which leads to a
better endgame for Black after} 18. Qxe6 fxe6 $15 {This position will probably
not be fun to play with White...}) 18. e6 $6 {I immediately took my chance to
set up a direct attack against the black king. In our analysis after the game,
Nico said that he hadn't thought about that option at all. But in fact, the
move is not very good and Black will be able to get an advantage. Actually, I
thought that I would seize the initiative now, but my evaluation was simply
wrong! Objectively, Black is better, but the position is still not easy to
play and very double-edged.} (18. f4 $13 {Was better, but I didn't even
consider this option.}) 18... d4 (18... fxe6 $1 19. Rxe6 Bd6 $15 {is another
way for Black to get an advantage.}) 19. f3 f6 $5 {I was surprised by this
move. My e6-pawn looks strong now, but I have to be very careful to not simply
lose it after for example ...Bd6, followed by Re7 and Rbe8.} (19... fxe6 20.
Qxe6+ Qxe6 21. Rxe6 Bf8 $15 {was probably a safer option that leads to a
slightly better endgame for Black.}) 20. Ng3 g6 {Of course! Again, my knight
on g3 seems out of play now, but anyway, it will play an important role in the
attack which followed in the game...} 21. Re4 $2 {Bringing another piece in
the attack and setting up some threats like ...Rh4. Unfortunately, the move is
not very good, as Black has enough defending resources. I have to admit that I
was playing these aggressive moves in account of Nico's time pressure, so I
tried to create practical difficulties for him.} (21. Qg4 {would have been the
only move to hold equality, according to Stockfish:)}) 21... Bd6 {Preparing to
meet Rh4 with Re7!} (21... Bf8 $5 $17 {was also possible, having the same idea
in mind.}) 22. Rde1 $6 {I was still dreaming of some attack, but objectively,
my position is almost lost after this move!} (22. Re2 {is preferred by the
engines, but who would ever play such a move?}) 22... Re7 $1 {Simple chess,
threatening Rbe8 followed by Bc8, collecting my pawn on e6.} 23. Qh4 Rf8 $2 {
This move, played unter time pressure, seems very logical, as it brings the
last piece into play. But know, I will get the attacking possibilities I was
hoping for all the time.} (23... f5 $1 {looks a bit risky, but none of my
sacrifices work.} 24. Re5 $5 {was my plan during the game, intending a
sacrifice on f5, but after something like} Rbe8 25. Nxf5 gxf5 26. Rxf5 Rg7 $17
{it seems like my attack is not strong enough to compensate the missing piece.}
) 24. Bc1 $1 {What else? Now Black is facing the threat of Bh6. This is
definitely not a position one would like to play with Black with only a few
minutes on the clock.} f5 (24... Qe8 $1 $15 {Amazing defence! But none of us
two found this computer move that leads to a slightly better position for
Black after} 25. R4e2 Ba6 $1 {But that is computer chess:)}) 25. R4e2 {Again,
a very difficult position has arisen. There's only one move that keeps the
balance...} c4 $6 {Aiming for counterplay, but it seems like Black is just one
move too late now.} (25... Ba6 $1 {is the best move, leading to a unclear
positon after something like} 26. Bg5 Rg7 27. e7 Re8 28. Re6 Bc8 $1 $13 {
But who would ever allow such a pawn on e7?}) 26. Bg5 Rfe8 $2 {This allows a
tactical blow after which my attack will be unstoppable. But the position is
better for me anyway.} (26... d3 $5 27. Bxe7 Qc5+ $1 {was an interesting idea
I was afraid of while considering his options. Luckily, I can reach a winning
endgame after} 28. Rf2 Bxe7 29. Qxc4 Qxc4 30. bxc4 Bc5 31. cxd3 $18 {and I'm
two pawns up.}) (26... Ree8 $16 {Probably the best defence, but it looks still
very dangerous for Black.}) 27. Nxf5 $1 {The knight, which was out of play all
the time, sacrifices itself to break through Black's defence.} gxf5 28. Bf6 $1
{The point! This quiet little move decides the game: there is no defence
against Qg5+. Suddenly the pawn on e6, which was vulnerable all the time,
plays a very important role in the attack in covering important squares and
cutting of Black's pieces from the defence.} d3 29. Qg5+ Kf8 30. Bd4 {And mate
will follow after Qf6+ Kg8 Qh8# A nice attacking game, but I have to admit
that in between I got outplayed by Nico and was almost lost at some point. So
I would consider the game as a lucky win for me.} 1-0